Money whence it came where it went

Đã lưu trong:
Bibliografiske detaljer
Hovedforfatter: Galbraith, John Kenneth
Format: Bog
Sprog:Undetermined
Udgivet: Geneva Mannagement Editions 1975
Fag:
Tags: Tilføj Tag
Ingen Tags, Vær først til at tagge denne postø!
Thư viện lưu trữ: Trung tâm Học liệu Trường Đại học Cần Thơ
LEADER 00527nam a2200193Ia 4500
001 CTU_89189
008 210402s9999 xx 000 0 und d
082 |a 332.4 
082 |b G148 
100 |a Galbraith, John Kenneth 
245 0 |a Money whence it came where it went 
245 0 |c John Kenneth Galbraith 
260 |a Geneva 
260 |b Mannagement Editions 
260 |c 1975 
650 |a Money,Economic history 
650 |x History 
904 |i Tuyến 
980 |a Trung tâm Học liệu Trường Đại học Cần Thơ